| 000 | 00519nam a22001697a 4500 | ||
|---|---|---|---|
| 020 | _a9788131237854 | ||
| 082 |
_a614.1 _bVIJ |
||
| 100 |
_aVij, Krishan _9113421 |
||
| 245 |
_a Textbook of Forensic Medicine and Toxicology : _bPrinciples and Practice / _cKrishan Vij |
||
| 250 | _a6th Edition. | ||
| 260 |
_aNew Delhi : _bElsevier India (pvt) Ltd, _c2014. |
||
| 300 |
_a538 p. ; _bill, _c28 cm. |
||
| 563 | _aPBK. | ||
| 650 |
_aMedical jurisprudence _9100519 |
||
| 650 |
_aForensic sciences _995055 |
||
| 942 |
_2ddc _cBK |
||
| 999 |
_c595135 _d595135 |
||